000 01239cam a22003257i 4500
999 _c6071
_d6071
001 18441285
003 OSt
005 20260204135848.0
008 141127s2014 bg b 000 0 eng
010 _a 2014360369
020 _a9789849079279
025 _aB-E-2014-360369; 11
035 _a18441285
035 _a(MFDhaka)2014360369
037 _bLibrary of Congress -- New Delhi Overseas Office
040 _aDLC
_beng
_erda
_cDLC
_dDLC
_dKH8
042 _alcode
082 _aFIC JAH
100 1 _aJahangir, Javed,
_eauthor.
245 1 0 _aGhost alley /
_ca novel by Javed Jahangir.
250 _aFirst edition.
264 1 _aDhaka :
_bBengal Publications,
_c2014.
300 _a313 pages :
_bmaps ;
_c20 cm
336 _atext
_btxt
_2rdacontent
337 _aunmediated
_bn
_2rdamedia
338 _avolume
_bnc
_2rdacarrier
520 _aLudo is a 12 year old misfit who lives with his mother, aunts, and mad grandmother, Suraya. When Suraya's half-sister, the blind Nadira, comes to their house seeking silent revenge for unknown past crimes, Ludo's world begins to unravel. He needs to piece together his grandmother's unexpected story to save her, and ultimately himself.
650 _aRevenge
_vfiction
942 _2ddc
_cFIC